Normal view
MARC view
- ISLAM-DO'S AND DON'TS OF QURAN
Entry Topical Term
001 - CONTROL NUMBER
- control field: 63266
003 - CONTROL NUMBER IDENTIFIER
- control field: NUST
005 - DATE AND TIME OF LATEST TRANSACTION
- control field: 20210628203105.0
008 - FIXED-LENGTH DATA ELEMENTS
- fixed length control field: 210628|| aca||aabn | a|a d
040 ## - CATALOGING SOURCE
- Original cataloging agency: NUST
- Transcribing agency: NUST
150 ## - HEADING--TOPICAL TERM
- Topical term or geographic name entry element: ISLAM-DO'S AND DON'TS OF QURAN
670 ## - SOURCE DATA FOUND
- Source citation: Work cat.: (NUST): Seyal, T.H 63265, Keyaw keroo keyaw naw keroo, jawab quran sey lejaay, 2005
